Murallas de Tarragona (Record no. 183729)
[ view plain ]
| 000 -LEADER | |
|---|---|
| campo de control de longitud fija | 00496nam a22001451i 4500 |
| 001 - NÚMERO DE CONTROL | |
| campo de control | 183729 |
| 003 - IDENTIFICADOR DE NÚMERO DE CONTROL | |
| campo de control | ES-MaACL |
| 005 - FECHA Y HORA DE LA ÚLTIMA TRANSACCIÓN | |
| campo de control | 20230906221947.0 |
| 008 - DATOS DE LONGITUD FIJA--INFORMACIÓN GENERAL | |
| campo de control de longitud fija | 141003s1871 sp |||| | spa d |
| 245 00 - MENCIÓN DEL TÍTULO | |
| Título | Murallas de Tarragona |
| Resto del título | : documentos dirigidos a evitar la enagenación (sic) y destrucción de aquellos monumentos. |
| 260 ## - PUBLICACIÓN, DISTRIBUCIÓN, ETC. | |
| Lugar de publicación, distribución, etc. | [Tarragona] : |
| Nombre del editor, distribuidor, etc. | Rodríguez y Ario, |
| Fecha de publicación, distribución, etc. | [1871] |
| 300 ## - DESCRIPCIÓN FÍSICA | |
| Extensión | 20 p., 1 plano ; |
| Dimensiones | 26 cm. |
| 650 #4 - PUNTO DE ACCESO ADICIONAL DE MATERIA--TÉRMINO DE MATERIA | |
| Término de materia o nombre geográfico como elemento de entrada | Murallas- |
| Subdivisión geográfica | Tarragona. |
| 9 (RLIN) | 155665 |
| 852 ## - LOCALIZACIÓN | |
| Ubicación | ES-MaACL |
| Número de control de estantería | T-163-F-1 |
| Estatus retirado | Estado de pérdida | Estado de daño | No para préstamo | Colección | Biblioteca de origen | Biblioteca actual | Ubicación en estantería | Fecha de adquisición | Fuente de adquisición | Total de préstamos | Signatura topográfica completa | Código de barras | Visto por última vez | Precio de reemplazo | Tipo de ítem Koha |
|---|---|---|---|---|---|---|---|---|---|---|---|---|---|---|---|
| Colección de folletos | Biblioteca del Ateneo de Madrid | Biblioteca del Ateneo de Madrid | Depósito folletos | 03/10/2014 | T-163-F-1 | 1193163 | 23/02/2023 | 23/02/2023 | Folleto |
